| 000 | 00421nam a2200145 i 4500 | ||
|---|---|---|---|
| 001 | 47175 | ||
| 003 | ES-MaACL | ||
| 005 | 20230906161521.0 | ||
| 007 | t| | ||
| 008 | 030404s1970 sp ||||1| spa d | ||
| 245 | 0 | 0 | _aConvenio colectivo sindical de la Real Cia. Asturiana de Minas (dependencias de Santander). |
| 260 |
_aSantander : _b[s.n., _c1970] |
||
| 300 |
_a85 p. ; _c22 cm. |
||
| 852 |
_aES-MaACL _jC-46148 _bR.74745 |
||
| 999 |
_c47175 _d47175 |
||